[Event "XXXV Magistral de Leon 2022"]
[Site "Leon"]
[Date "2022.07.10"]
[Round "2.2"]
[White "Anand, Viswanathan"]
[Black "Gelfand, Boris"]
[Result "0-1"]
[WhiteElo "2756"]
[BlackElo "2668"]
[Annotator "TA"]
[PlyCount "103"]
[EventDate "2022.07.08"]
[EventType "k.o."]
[EventCountry "ESP"]
[SourceTitle "playchess.com"]
[Source "ChessBase"]
[SourceQuality "1"]
[TimeControl "900+10"]

{[%evp 10,103,29,28,34,29,25,23,39,15,35,20,40,0,64,16,42,23,41,40,41,38,47,-19,-19,-143,-159,-161,-132,-303,-14,-8,-6,-33,-39,-47,0,-73,-75,-84,-74,-104,-97,-167,-167,-387,-28,-23,-48,-259,-262,-268,-275,-281,-267,-264,-257,-322,-287,-337,-337,-340,-239,-497,-497,-497,-497,-497,-497,-497,-497,-497,-497,-497,-456,-441,-429,-581,-530,-3410,-2102,-1651,-1575,-1005,-1101,-5513,-5513,-5498,-5484,-5283,-5102,-5169,-4644,-4630,-4622,-4562]} 1. e4 {[%emt 0:00:00]} c5 {[%emt 0:00:00]} 2. Nf3 {[%emt 0:00:00]} Nc6 {[%emt 0:00:00]} 3. Bb5 {[%emt 0:00:00]} e6 {[%emt 0:00:00]} 4. O-O {[%emt 0:00:00]} Nge7 {[%emt 0:00:00]} 5. d4 {[%emt 0:00:00]} cxd4 {[%emt 0:00:00]} 6. Nxd4 Ng6 {B30: Sicilian: 2...Nc6 3 Bb5, lines without ...g6.} 7. Be2 {[%emt 0:00:00]} Be7 {[%emt 0:00:00]} 8. c4 {[%emt 0:00:00]} O-O {[%emt 0:00:00] White has an edge.} 9. Nc3 {[%emt 0:00:00]} b6 {[%emt 0:00:00]} 10. Be3 {[%emt 0:00:00]} Bb7 {[%emt 0:00:00]} 11. Nb3 {[%emt 0:00:00]} Qc7 {[%emt 0:00:00]} ({Black should play} 11... Bf6 $11) 12. Rc1 {[%emt 0:00:00]} (12. f4 $14) 12... Rad8 {[%emt 0:00:00]} 13. f4 {[%emt 0:00:00]} Qb8 {[%emt 0:00:00] [#]} 14. g3 $146 {[%emt 0:00:00]} (14. f5 {looks sharper.} Nge5 15. Qe1 Nb4 16. Bf4) ({Predecessor:} 14. Qd2 d6 15. g3 Rfe8 16. Bf3 Bf6 17. Rfd1 Nf8 18. Bf2 Be7 19. Qe2 Nd7 20. Nd2 {0-1 (53) Leko,P (2663)-Gelfand,B (2676) chess24.com INT 2020}) 14... Rfe8 {[%emt 0:00:00][%cal Od7d5]} 15. Bf3 {[%emt 0:00:00]} d6 {[%emt 0:00:00]} 16. Nd4 {[%emt 0:00:00]} (16. Qd2 $14) 16... Nxd4 $11 {[%emt 0:00:57]} 17. Qxd4 {[%emt 0:00:00]} (17. Bxd4 $11 e5 18. Be3) 17... d5 $1 $17 {[%emt 0:01:17]} 18. cxd5 {[%emt 0:00:00]} ({Not} 18. exd5 $2 exd5 19. Nxd5 (19. cxd5 $2 Bc5 $19) 19... Bc5 $19) 18... Bc5 {[%emt 0:00:12]} 19. Qd2 {[%emt 0:00:10]} (19. Qd3 $17 exd5 20. Bxc5 dxe4 21. Qc4) 19... Bxe3+ $2 {[%emt 0:00:03]} (19... exd5 $1 $19 20. Bxc5 dxe4) 20. Qxe3 $11 {[%emt 0:00:04]} exd5 {[%emt 0:00:00] And now ...d4 would win.} 21. Rfd1 {[%emt 0:00:53]} (21. Rcd1 $5 {[%cal Re4e5]}) 21... dxe4 {[%emt 0:00:04]} 22. Nxe4 {[%emt 0:02:04]} Kh8 {[%emt 0:04:57]} (22... h6 $15 {deserves consideration.}) 23. f5 {[%emt 0:01:51]} (23. Rxd8 $11 Rxd8 24. Nd6 $1 Qxd6 25. Bxb7) 23... Ne5 $17 {[%emt 0:00:49]} 24. Bg2 {[%emt 0:00:09]} f6 {[%emt 0:01:32]} 25. Rxd8 {[%emt 0:02:54]} Qxd8 {[%emt 0:02:09]} 26. h3 {[%emt 0:01:16]} (26. Nd6 $17 Bxg2 27. Qxe5 (27. Nxe8 $2 Bc6 $19) 27... Rxe5 28. Nf7+ Kg8 29. Nxd8) 26... h6 $19 {[%emt 0:00:02] Strongly threatening ...Nf7.} 27. Kh2 $2 {[%emt 0:02:11]} (27. Qc3 {keeps fighting.}) 27... Qd3 $2 {[%emt 0:01:57]} (27... Bxe4 $19 28. Bxe4 {[#]} Nf3+ $1 {[%mdl 512]} 29. Qxf3 Qd2+ 30. Qg2 Qxc1) 28. Qxd3 $11 {[%emt 0:01:04]} Nxd3 {[%emt 0:00:02]} 29. Rc3 $2 {[%emt 0:00:04] Black converts the advantage convincingly.} Bxe4 $19 {[%emt 0:01:23]} 30. Bxe4 {[%emt 0:00:03]} Rxe4 {[%emt 0:00:01]} 31. Rxd3 {[%emt 0:00:01][%mdl 4096] Endgame KR-KR} Re2+ {[%emt 0:00:00]} 32. Kg1 {[%emt 0:00:03]} Rxb2 {[%emt 0:00:01]} 33. a3 {[%emt 0:01:10]} a5 {[%emt 0:00:55]} 34. Rd8+ {[%emt 0:00:16]} Kh7 {[%emt 0:00:01]} 35. a4 {[%emt 0:00:25]} h5 {[%emt 0:00:28]} 36. h4 $2 {[%emt 0:00:02]} (36. Rd3) 36... Rb4 {[%emt 0:00:24] Black is clearly winning.} 37. Rb8 {[%emt 0:00:02]} Rxa4 {[%emt 0:00:01] ...Rb4 is the strong threat.} 38. Rxb6 {[%emt 0:00:06]} Rb4 {[%emt 0:00:03] Prevents Rb2.} 39. Ra6 {[%emt 0:00:09]} Rb5 {[%emt 0:00:01]} 40. Kg2 {[%emt 0:00:04]} Rxf5 {[%emt 0:00:03]} 41. Ra7 {[%emt 0:00:01]} Kh6 {[%emt 0:00:13]} 42. Ra8 {[%emt 0:00:04]} g5 {[%emt 0:00:33]} 43. hxg5+ {[%emt 0:00:07]} fxg5 {[%emt 0:00:01]} 44. g4 {[%emt 0:00:24]} hxg4 {[%emt 0:00:02] Threatens to win with ...Rb5.} 45. Kg3 {[%emt 0:00:03]} Kh5 {[%emt 0:00:25]} 46. Rh8+ {[%emt 0:00:02]} Kg6 {[%emt 0:00:01]} 47. Kxg4 {[%emt 0:00:05]} Rf4+ {[%emt 0:00:27]} 48. Kg3 {[%emt 0:00:01]} a4 {[%emt 0:00:01]} 49. Ra8 {[%emt 0:00:02]} Rc4 {[%emt 0:00:08]} 50. Kf3 {[%emt 0:00:07]} g4+ {[%emt 0:00:06]} 51. Kg3 {[%emt 0:00:02]} Kf5 {[%emt 0:00:05]} 52. Ra5+ {[%emt 0:00:06] Weighted Error Value: White=0.79/Black=0.32} 0-1

[Event "XXXV Magistral de Leon 2022"]
[Site "Leon"]
[Date "2022.07.10"]
[Round "2.3"]
[White "Gelfand, Boris"]
[Black "Anand, Viswanathan"]
[Result "1-0"]
[WhiteElo "2668"]
[BlackElo "2756"]
[Annotator "TA"]
[PlyCount "69"]
[EventDate "2022.07.08"]
[EventType "k.o."]
[EventCountry "ESP"]
[SourceTitle "playchess.com"]
[Source "ChessBase"]
[SourceQuality "1"]
[TimeControl "900+10"]

{[%evp 24,69,22,24,11,23,34,7,2,5,14,16,29,30,47,33,36,63,194,206,205,92,78,85,79,81,80,75,84,8,88,0,90,0,79,30,67,26,210,217,214,191,311,310,422,195,415,414]} 1. d4 {[%emt 0:00:00]} Nf6 2. c4 e6 {[%emt 0:00:00]} 3. Nf3 {[%emt 0:00:00]} d5 {[%emt 0:00:00]} 4. g3 {[%emt 0:00:00]} dxc4 {[%emt 0:00:00]} 5. Bg2 {[%emt 0:00:00]} c5 {[%emt 0:00:00]} 6. O-O {[%emt 0:00:00]} Nc6 {[%emt 0:00:00]} 7. Ne5 {[%emt 0:00:00]} Bd7 {[%emt 0:00:00]} 8. Nxc4 {[%emt 0:00:00]} cxd4 {[%emt 0:00:00]} 9. Bf4 {[%emt 0:00:00]} Nd5 {[%emt 0:00:00]} 10. Nd6+ {[%emt 0:00:00]} Bxd6 {[%emt 0:00:00]} 11. Bxd6 {[%emt 0:00:00]} Nde7 {[%emt 0:00:00]} 12. Nd2 {[%emt 0:00:00]} O-O {[%emt 0:00:00]} 13. Qb3 {[%emt 0:00:00][%mdl 1024] White has compensation.} Bc8 {[%emt 0:00:00] E04: Open Catalan: 5 Nf3.} 14. Nc4 {[%emt 0:00:00]} e5 {[%emt 0:00:00] [#]} 15. Rac1 $146 {[%emt 0:00:00]} ({Much worse is} 15. Bxe5 Be6 16. Bd6 Bxc4 17. Bxe7 Bxb3 $15) ({Predecessor:} 15. Qa3 Re8 16. Nxe5 Nxe5 17. Bxe5 Nc6 18. Bxc6 bxc6 19. Qc5 Qe7 20. Qxe7 Rxe7 21. Bxd4 Rxe2 {1-0 (50) Razuvaev,Y (2585)-Unzicker,W (2480) Germany 1991}) 15... Re8 {[%emt 0:00:00] The position is equal.} 16. Ba3 {[%emt 0:00:00] Threatens to win with Nd6. A strong pair of Bishops.} Nf5 {[%emt 0:00:00] Against Nd6} 17. Be4 {[%emt 0:00:00] Strongly threatening Bxf5.} Qc7 {[%emt 0:00:00]} 18. Qf3 {[%emt 0:04:25]} g6 {[%emt 0:02:00]} 19. g4 {[%emt 0:00:04]} Ng7 {[%emt 0:00:20]} 20. Nd6 {[%emt 0:06:22]} Re6 {[%emt 0:04:47]} (20... Rd8 $14) 21. Bxc6 $18 {[%emt 0:01:12]} bxc6 {[%emt 0:00:02]} 22. Qxc6 {[%emt 0:00:01]} (22. Rxc6 $18 e4 23. Qf4 $1 (23. Rxc7 exf3 24. Nxc8 fxe2 $16)) 22... Qxc6 $16 {[%emt 0:00:19]} 23. Rxc6 {[%emt 0:00:01][%cal Od6c8]} Bb7 {[%emt 0:00:40]} 24. Rc7 {[%emt 0:00:01]} Ba6 {[%emt 0:00:01]} 25. Nxf7 {[%emt 0:00:34] White is more active.} Bxe2 {[%emt 0:00:02]} 26. Nh6+ {[%emt 0:00:01]} Kh8 {[%emt 0:00:01]} 27. Nf7+ {[%emt 0:00:14]} Kg8 {[%emt 0:00:01]} 28. Nh6+ {[%emt 0:00:01]} Kh8 {[%emt 0:00:01] [#]} 29. Rfc1 $1 {[%emt 0:00:01] White wants to play Nf7+.} d3 $1 {[%emt 0:01:08]} 30. Bb4 {[%emt 0:03:06] aiming for R1c5.} g5 $2 {[%emt 0:01:12]} (30... Ne8 $1 $11 {and Black stays safe.}) 31. Nf7+ $18 {[%emt 0:00:02]} Kg8 {[%emt 0:00:02]} 32. Nxg5 {[%emt 0:00:14][%cal Bf7g5,Bg5e4,Be4f6][%mdl 32]} Ree8 {[%emt 0:00:31]} (32... a5 {was necessary.}) 33. Ne4 {[%emt 0:00:29]} Red8 {[%emt 0:00:15]} 34. Nf6+ {[%emt 0:01:51]} Kh8 {[%emt 0:00:02]} 35. Bd2 {[%emt 0:00:01] Weighted Error Value: White=0.20 (precise) /Black=0.45} 1-0

[Event "XXXV Magistral de Leon 2022"]
[Site "Leon"]
[Date "2022.07.10"]
[Round "2.4"]
[White "Anand, Viswanathan"]
[Black "Gelfand, Boris"]
[Result "1-0"]
[WhiteElo "2756"]
[BlackElo "2668"]
[Annotator "TA"]
[PlyCount "69"]
[EventDate "2022.07.08"]
[EventType "k.o."]
[EventCountry "ESP"]
[SourceTitle "playchess.com"]
[Source "ChessBase"]
[SourceQuality "1"]
[TimeControl "900+10"]

{[%evp 9,69,0,14,3,16,0,0,0,20,13,11,18,6,0,12,0,46,12,21,0,0,0,52,52,52,57,66,63,97,50,53,54,70,72,109,109,109,109,109,109,109,109,109,109,193,197,285,289,284,288,270,250,299,294,330,330,341,347,488,468,712,671]} 1. e4 {[%emt 0:00:00] Szabo,Kr} c5 {[%emt 0:00:00]} 2. Nf3 {[%emt 0:00:00]} Nc6 {[%emt 0:00:00]} 3. Bb5 {[%emt 0:00:00]} e6 {[%emt 0:00:00]} 4. Bxc6 {[%emt 0:00:00]} bxc6 {[%emt 0:00:00]} 5. d3 {[%emt 0:00:00]} Ne7 {[%emt 0:00:00]} (5... Qc7 6. O-O Ne7 7. h4 e5 8. h5 h6 9. Nh2 d6 10. f4 exf4 11. Bxf4 g5 12. Bd2 Bg7 13. Bc3 O-O 14. Bxg7 Kxg7 15. Qd2 {1-0 (49) Anand,V (2753)-Gelfand,B (2676) chess24.com INT 2020}) 6. Nbd2 {[%emt 0:00:00][%cal Bb1d2,Bd2f1,Bf1g3,Bg3f5][%mdl 32] B30: Sicilian: 2...Nc6 3 Bb5, lines without ...g6.} Qc7 {[%emt 0:00:00]} 7. h4 {[%emt 0:00:00]} e5 {[%emt 0:00:00]} 8. h5 {[%emt 0:00:00][%cal Oh5h6] The position is equal.} f6 {[%emt 0:00:00] [#]} 9. Nf1 $146 {[%emt 0:00:00]} ({Predecessor:} 9. Nh4 g5 10. Nhf3 d6 11. Nf1 h6 12. Ne3 f5 13. g4 fxg4 14. Nh2 Bg7 15. Nexg4 {1-0 (37) Solak,D (2618)-Grischuk,A (2785) Warsaw 2013 CBM 158 [Szabo,Kr]}) 9... d5 {[%emt 0:00:00]} 10. c4 {[%emt 0:00:00]} Be6 {[%emt 0:00:00]} 11. b3 {[%emt 0:00:00]} O-O-O {[%emt 0:00:06]} 12. Qe2 {[%emt 0:00:00]} g5 {[%emt 0:00:11]} (12... Kb8 $11) 13. hxg6 {[%emt 0:00:00]} Nxg6 {[%emt 0:00:01]} 14. Ng3 {[%emt 0:00:00]} (14. Nh4 $5 {[%cal Rh4g6]} Rg8 15. Nxg6 hxg6 16. exd5 cxd5 17. cxd5 Bxd5 18. Ne3 $11) 14... dxc4 {[%emt 0:05:11]} 15. dxc4 {[%emt 0:00:00]} Nf4 {[%emt 0:00:01]} (15... Bg4 $1 $11) 16. Bxf4 $14 {[%emt 0:00:00]} exf4 {[%emt 0:00:01]} 17. Nf5 {[%emt 0:01:23]} Rg8 {[%emt 0:00:54]} 18. Kf1 {[%emt 0:00:16]} Bd6 {[%emt 0:00:10]} 19. Rd1 {[%emt 0:02:49]} ({White should play} 19. Nxd6+ $16 Qxd6 20. Ng1 (20. Rxh7 Rh8 $11)) 19... Bxf5 {[%emt 0:02:48]} 20. exf5 {[%emt 0:00:02]} Qg7 {[%emt 0:00:00]} 21. Ne1 {[%emt 0:00:08]} Bc7 {[%emt 0:00:40]} 22. Rxd8+ {[%emt 0:00:25]} Rxd8 {[%emt 0:00:00]} 23. Rh3 {[%emt 0:00:53]} Kb7 {[%emt 0:02:35] [#]} 24. Nd3 $1 {[%emt 0:02:03]} Qf8 {[%emt 0:00:09]} 25. Rxh7 {[%emt 0:01:30] Threatens to win with Nxf4.} Qd6 {[%emt 0:00:01]} 26. Ne1 {[%emt 0:02:14] White is much more active.} Kb8 {[%emt 0:00:59]} (26... Rd7 $16 27. Rxd7 Qxd7) 27. Qe6 {[%emt 0:00:23]} Qe5 {[%emt 0:01:28]} (27... Qxe6 $142 28. fxe6 Re8) 28. Qxe5 $18 {[%emt 0:00:18]} ({Not} 28. Qxc6 Re8 29. Nc2 Qe2+ 30. Kg1 Rc8 $11) 28... Bxe5 {[%emt 0:00:01][%mdl 4096] Endgame KRB-KRN} 29. Ke2 {[%emt 0:00:28] Against Rd1} Bc3 {[%emt 0:00:52] [#] ...Re8+ is the strong threat.} 30. Nd3 {[%emt 0:00:06]} f3+ {[%emt 0:00:01]} 31. gxf3 {[%emt 0:00:01][%cal Bg2f3,Bf3f4][%mdl 32]} Re8+ {[%emt 0:00:14]} 32. Kf1 {[%emt 0:00:05]} Bd4 {[%emt 0:00:02]} 33. Nf4 {[%emt 0:00:03]} Re5 {[%emt 0:00:19]} (33... Rd8 $142 34. Ne6 Rd6) 34. Ne6 {[%emt 0:00:23] Strongly threatening Nd8.} Rxf5 {[%emt 0:00:48]} (34... Bc3 $142 35. Nd8 Kc8) 35. f4 {[%emt 0:00:04] Weighted Error Value: White=0.05 (flawless) /Black=0.25 (precise)} 1-0

[Event "XXXV Magistral de Leon 2022"]
[Site "Leon"]
[Date "2022.07.10"]
[Round "2.5"]
[White "Anand, Viswanathan"]
[Black "Gelfand, Boris"]
[Result "0-1"]
[WhiteElo "2756"]
[BlackElo "2668"]
[Annotator "TA"]
[PlyCount "68"]
[EventDate "2022.07.08"]
[EventType "k.o."]
[EventCountry "ESP"]
[SourceTitle "playchess.com"]
[Source "ChessBase"]
[SourceQuality "1"]
[TimeControl "300+3"]

{[%evp 9,68,10,3,0,7,0,31,36,37,41,45,28,31,41,72,41,37,33,52,10,43,46,27,52,34,35,28,5,5,13,12,36,107,93,116,110,111,113,117,122,139,131,162,144,158,138,156,116,149,39,36,0,0,0,0,-127,-140,-132,-118,-645,-619]} 1. e4 {[%emt 0:02:04]} c5 {[%emt 0:02:02]} 2. Nf3 {[%emt 0:00:02]} Nc6 {[%emt 0:00:02]} 3. Bb5 {[%emt 0:00:02]} e6 {[%emt 0:00:01]} 4. Bxc6 {[%emt 0:00:02]} bxc6 {[%emt 0:00:02]} 5. d3 {[%emt 0:00:03]} Ne7 {[%emt 0:00:02]} (5... Qc7 6. O-O Ne7 7. h4 e5 8. h5 h6 9. Nh2 d6 10. f4 exf4 11. Bxf4 g5 12. Bd2 Bg7 13. Bc3 O-O 14. Bxg7 Kxg7 15. Qd2 Be6 16. Qc3+ f6 {1-0 (49) Anand,V (2753)-Gelfand,B (2676) chess24.com INT 2020}) 6. Nbd2 {[%emt 0:00:02] B30: Sicilian: 2...Nc6 3 Bb5, lines without ...g6.} d6 {[%emt 0:00:02]} 7. e5 {[%emt 0:00:04]} Nf5 {[%emt 0:00:02]} 8. exd6 {[%emt 0:00:04] White is slightly better.} Bxd6 {[%emt 0:00:02]} 9. Nc4 {[%emt 0:00:08]} Be7 {[%emt 0:00:12]} 10. O-O {[%emt 0:00:05] [#]} f6 $146 {[%emt 0:00:02]} ({Predecessor:} 10... O-O 11. Re1 Rb8 12. Bf4 Rb4 13. Nfe5 Bd7 14. c3 Rb7 15. Qa4 Qc8 16. Nxd7 Qxd7 {1-0 (31) Damjanovic,V (2393)-Aung,T (2268) Chess.com INT 2021}) 11. Nfd2 {[%emt 0:00:06]} O-O {[%emt 0:00:04]} 12. Ne4 {[%emt 0:00:09] Pair of Knights!} e5 {[%emt 0:00:03]} 13. b3 {[%emt 0:00:03]} Be6 {[%emt 0:00:04]} 14. Ba3 {[%emt 0:00:04]} Bxc4 {[%emt 0:00:06]} 15. dxc4 {[%emt 0:00:14]} Nd4 {[%emt 0:00:33]} 16. Bxc5 {[%emt 0:00:10]} Bxc5 {[%emt 0:00:03]} 17. Nxc5 {[%emt 0:00:02] And now c3 would win.} Qe7 {[%emt 0:00:09]} 18. Na4 {[%emt 0:00:08]} Rad8 {[%emt 0:00:15][%cal Od4b3] Hoping for ...Nxb3!} 19. c3 $1 {[%emt 0:00:03]} Ne6 {[%emt 0:00:02]} 20. Qf3 {[%emt 0:00:02]} Qc7 {[%emt 0:00:06]} (20... f5 $14) 21. Rad1 $16 {[%emt 0:00:05]} f5 {[%emt 0:00:03]} 22. Rxd8 {[%emt 0:00:03]} Nxd8 {[%emt 0:00:03]} 23. Nc5 {[%emt 0:00:05]} Qe7 {[%emt 0:00:22]} 24. b4 {[%emt 0:00:04]} e4 {[%emt 0:00:06]} 25. Qf4 {[%emt 0:00:10]} g5 {[%emt 0:00:24]} 26. Qe3 {[%emt 0:00:05]} Nf7 {[%emt 0:00:08][%cal Bd8f7,Bf7e5,Be5c4,Bc4e3][%mdl 32]} 27. f3 {[%emt 0:00:11][%cal Rf3e4]} Ne5 {[%emt 0:00:11]} 28. fxe4 {[%emt 0:00:06]} f4 {[%emt 0:00:02][%cal Bf5f4,Bf4f3][%mdl 32]} 29. Qe2 {[%emt 0:00:04]} (29. Qh3 $1 $16) 29... g4 $14 {[%emt 0:00:09]} 30. Nd3 {[%emt 0:00:04] Strongly threatening Nxe5.} f3 $36 {[%emt 0:00:01][%mdl 2048] Black is more active.} 31. Qe3 {[%emt 0:00:01] Black must now prevent Nxe5.} Nxc4 {[%emt 0:00:24]} 32. Qc5 {[%emt 0:00:19] [#]} (32. Qd4 $11 Nd2 33. Rd1) 32... Qxc5+ $1 $17 {[%emt 0:00:17][%mdl 64] Remove Defender} ({But not} 32... Qxe4 $6 33. Nf2 Qe2 34. Qg5+ Kh8 35. Qh6 $11) 33. Nxc5 {[%emt 0:00:02]} Ne3 $1 {[%emt 0:00:01][%csl LRf1,LRg2] Black is more active.} 34. Rf2 {[%emt 0:00:08][%mdl 8192] [#]} (34. Nd7 $17 Rd8 35. Re1 Rxd7 36. Rxe3 Rd1+ 37. Kf2 Rd2+ 38. Kf1) 34... Rd8 $1 {[%emt 0:00:07] What a bad dream for White.  Weighted Error Value: White=0.50/Black=0.09 (flawless)} 0-1

[Event "XXXV Magistral de Leon 2022"]
[Site "Leon"]
[Date "2022.07.10"]
[Round "2.6"]
[White "Gelfand, Boris"]
[Black "Anand, Viswanathan"]
[Result "1-0"]
[WhiteElo "2668"]
[BlackElo "2756"]
[Annotator "TA"]
[PlyCount "90"]
[EventDate "2022.07.08"]
[EventType "k.o."]
[EventCountry "ESP"]
[SourceTitle "playchess.com"]
[Source "ChessBase"]
[SourceQuality "1"]
[TimeControl "300+3"]

{[%evp 9,90,32,25,27,28,27,32,32,36,33,30,10,52,20,28,18,48,0,0,-27,-19,-27,-27,-40,-19,-78,-77,-84,-58,-58,-25,-22,-23,-55,-23,-31,0,-30,0,0,0,-16,-22,-21,-14,-13,0,-7,0,0,0,0,0,0,0,0,0,0,0,0,0,0,0,0,0,0,0,0,0,0,0,0,0,0,0,0,0,0,0,0,0,0,29992]} 1. d4 {[%emt 0:02:04]} d5 {[%emt 0:02:03]} 2. Nf3 {[%emt 0:00:02]} Nf6 {[%emt 0:00:03]} 3. c4 {[%emt 0:00:01]} c6 {[%emt 0:00:03]} 4. e3 {[%emt 0:00:05]} a6 {[%emt 0:00:04]} 5. Nbd2 {[%emt 0:00:02]} Bf5 {[%emt 0:00:05]} 6. Nh4 {[%emt 0:00:04] D11: Slav Defence: 3 Nf3 sidelines and 3...Nf6 4 e3 Bg4.} e6 {[%emt 0:00:10]} 7. Qb3 {[%emt 0:00:03]} Ra7 {[%emt 0:00:03]} 8. Nxf5 {[%emt 0:00:15] White is slightly better.} exf5 {[%emt 0:00:03] [#]} 9. Bd3 $146 {[%emt 0:00:09]} ({Predecessor:} 9. g3 Be7 10. Bg2 O-O 11. O-O b5 12. cxd5 cxd5 13. a4 b4 14. Qd3 g6 15. Nb3 {0-1 (61) San Segundo Carrillo,P (2536)-Anand,V (2779) Villarrobledo 2006}) 9... g6 {[%emt 0:00:02]} 10. Qc2 {[%emt 0:00:06]} Bd6 {[%emt 0:00:04]} 11. b3 {[%emt 0:00:06]} (11. c5 $5 {[%cal Rc5d6]} Bc7 12. b4 $14) 11... O-O {[%emt 0:00:05]} 12. Bb2 {[%emt 0:00:02]} b5 {[%emt 0:00:04]} 13. c5 {[%emt 0:00:12]} (13. O-O $14 {was preferrable.}) 13... Bc7 $11 {[%emt 0:00:04]} 14. O-O-O {[%emt 0:00:05]} Nbd7 {[%emt 0:00:12]} 15. h3 {[%emt 0:00:09][%cal Og2g4]} Re8 {[%emt 0:00:04]} 16. Rde1 {[%emt 0:00:06]} Ba5 {[%emt 0:00:03]} 17. Bc3 {[%emt 0:00:04]} (17. Reg1 $11) 17... Bxc3 $17 {[%emt 0:00:06]} 18. Qxc3 {[%emt 0:00:02]} a5 {[%emt 0:00:05]} 19. Bc2 {[%emt 0:00:29]} Ne4 {[%emt 0:00:06]} 20. Nxe4 {[%emt 0:00:03]} dxe4 {[%emt 0:00:02]} 21. g4 $1 {[%emt 0:00:14]} fxg4 {[%emt 0:00:13]} (21... f4 $5) 22. hxg4 {[%emt 0:00:02]} Nf6 {[%emt 0:00:02][%cal Bd7f6,Bf6d5,Bd5f4][%mdl 32]} (22... b4 {seems wilder.} 23. Qc4 Qg5 24. Bd1 Nf6) 23. Bd1 {[%emt 0:00:06]} Nd5 {[%emt 0:00:03]} 24. Qd2 {[%emt 0:00:02] The position is equal.} Qg5 {[%emt 0:00:11]} 25. f4 {[%emt 0:00:13]} exf3 $1 {[%emt 0:00:20]} 26. Bxf3 {[%emt 0:00:02]} Rd7 {[%emt 0:00:22]} 27. e4 {[%emt 0:00:13]} Nf4 {[%emt 0:00:04]} 28. Kb1 $1 {[%emt 0:00:04]} Red8 {[%emt 0:00:13]} (28... Ne6 $5 29. Qh2 h6 $11) 29. d5 {[%emt 0:00:07]} Qe5 {[%emt 0:00:17]} 30. g5 {[%emt 0:00:25]} Qxg5 {[%emt 0:00:09]} 31. Qh2 {[%emt 0:00:27]} h5 {[%emt 0:00:07]} 32. Bxh5 {[%emt 0:00:18]} Nxh5 {[%emt 0:00:15]} (32... Qxh5 $2 33. Qxf4 Rxd5 34. Rxh5 $18) 33. Reg1 $1 {[%emt 0:00:02]} Qe3 {[%emt 0:00:14]} 34. Qxh5 $1 {[%csl Gh1][%cal Rh5h8] [#]} Qxe4+ {[%emt 0:00:02]} 35. Kc1 {[%emt 0:00:04][%csl Gh1][%cal Rh5h8]} Qe3+ {[%emt 0:00:12]} 36. Kc2 $1 {[%emt 0:00:02][%csl Gh1][%cal Rh5h8]} (36. Kb1 $2 Qd3+ 37. Kb2 Qd4+ 38. Kb1 Qg7 $19) 36... Qxc5+ (36... Kf8 $2 37. Qh8+ Ke7 38. Re1 Rxh8 39. Rxe3+ Kf6 40. Rxh8 $18) 37. Kb1 {[%csl Gh1][%cal Rh5h8]} Qd4 {[%emt 0:00:18] [#] Inhibits Qh8+. ...Qg7 is the strong threat.} 38. dxc6 $40 {[%emt 0:00:10][%cal Bd5c6,Bc6c7][%mdl 160] White is up to no good.} Qe4+ {[%emt 0:00:18]} 39. Ka1 {[%emt 0:00:03][%csl Gh1][%cal Rh5h8]} Qd4+ {[%emt 0:00:05]} 40. Kb1 {[%emt 0:00:02]} Rd6 {[%emt 0:00:02]} 41. c7 {[%emt 0:00:02] White threatens Rxg6+ and mate. Chess con chili.} ({Not} 41. Qxb5 $2 Qe4+ 42. Ka1 Rd2 $19) 41... Qe4+ 42. Ka1 {[%csl Gh1][%cal Rh5h8]} Qd4+ 43. Kb1 {Intending Rxg6+ and mate.} Qd3+ 44. Ka1 {[%csl Gh1][%cal Rh5h8]} Qc3+ 45. Kb1 {White wants to mate with Rxg6+.} Rd2 $2 {[%mdl 8192] Weighted Error Value: White=0.08 (flawless) /Black=0.07 (flawless)} (45... Qd3+ $11 46. Kb2 Qd4+ 47. Kb1) 1-0